<?xml version="1.0" encoding="UTF-8"?>
<collection xmlns="http://www.loc.gov/MARC21/slim">
<record>
  <controlfield tag="001">131711</controlfield>
  <controlfield tag="005">20241125101141.0</controlfield>
  <datafield tag="024" ind1="7" ind2=" ">
    <subfield code="2">doi</subfield>
    <subfield code="a">10.1021/acs.organomet.3c00403</subfield>
  </datafield>
  <datafield tag="024" ind1="8" ind2=" ">
    <subfield code="2">sideral</subfield>
    <subfield code="a">137253</subfield>
  </datafield>
  <datafield tag="037" ind1=" " ind2=" ">
    <subfield code="a">ART-2023-137253</subfield>
  </datafield>
  <datafield tag="041" ind1=" " ind2=" ">
    <subfield code="a">eng</subfield>
  </datafield>
  <datafield tag="100" ind1=" " ind2=" ">
    <subfield code="a">González-Lainez, Miguel</subfield>
    <subfield code="0">(orcid)0000-0001-7341-0033</subfield>
  </datafield>
  <datafield tag="245" ind1=" " ind2=" ">
    <subfield code="a">Rhodium and iridium complexes of lutidine-based NHC/Amino Pincer ligands: From monodentate to tetradentate coordination enabled by C–H activation</subfield>
  </datafield>
  <datafield tag="260" ind1=" " ind2=" ">
    <subfield code="c">2023</subfield>
  </datafield>
  <datafield tag="506" ind1="0" ind2=" ">
    <subfield code="a">Access copy available to the general public</subfield>
    <subfield code="f">Unrestricted</subfield>
  </datafield>
  <datafield tag="520" ind1="3" ind2=" ">
    <subfield code="a">A series of rhodium and iridium complexes derived from lutidine-based ligands (lutidine, 2,6-dimethylpyridine) with NHC and amino side-donor functions have been prepared and characterized. Deprotonation of the functionalized imidazolium salts, [tBuHImCH2PyCH2NR2]Br, by the bridging methoxo ligands of the dinuclear complexes [M(μ-OMe)(cod)]2 affords [MBr(cod)(κC-tBuImCH2PyCH2NR2)] (M = Rh and Ir) complexes from which a series of Rh(I) and Ir(I) complexes including [M(cod)(κ3C,N,N′-tBuImCH2PyCH2NR2)]+, [Rh(CO)(κ3C,N,N′-tBuImCH2PyCH2NR2)]+, and [IrBr(CO)2(κC-tBuImCH2PyCH2NR2)] are readily accessible by halide abstraction and/or carbonylation reactions. In contrast, direct metalation of imidazolium salts with the dinuclear compounds [M(μ-Cl)(cod)]2 (M = Rh and Ir) in the presence of potassium acetate and potassium iodide, a well-established synthetic route to M(III) species, provides access to unusual di-iodido M(III) cyclometalated compounds [MI2{κ4C,C′,N,N′-(CH2CMe2ImCH2PyCH2NR2)}] in low yield. Experimental studies combined with DFT calculations suggest that cyclometalated M(III) hydrido [MH(CH3CN){κ4C,C′,N,N′-(CH2CMe2ImCH2PyCH2NR2)}]+ compounds and square-planar cyclometalated M(I) [M{κ4C,C′,N,N′-(CH2CMe2ImCH2PyCH2NR2)}] species resulting from their deprotonation by acetate could be intermediates involved in the formation of these compounds. Based on the observed formation of elemental rhodium, disproportionation of square-planar cyclometalated M(I) complexes to afford M(0) and the cationic M(II) species [M{κ4C,C′,N,N′-(CH2CMe2ImCH2PyCH2NR2)}]+ is proposed. Reaction of the latter with iodide (I–) would regenerate the M(I) intermediate to give an iodo radical (I•) that in turn could dimerize to form diiodine I2. In this regard, DFT calculations have shown that the oxidative addition of diiodine to the cyclometalated M(I) intermediates leading to the di-iodido M(III) cyclometalated compounds is a highly exergonic process.</subfield>
  </datafield>
  <datafield tag="536" ind1=" " ind2=" ">
    <subfield code="9">info:eu-repo/grantAgreement/ES/DGA/E42-23R</subfield>
    <subfield code="9">info:eu-repo/grantAgreement/ES/MICINN/PID2019-103965GB-I00/AEI/10.13039/501100011033</subfield>
    <subfield code="9">info:eu-repo/grantAgreement/ES/MINECO/BES-2014-069624</subfield>
  </datafield>
  <datafield tag="540" ind1=" " ind2=" ">
    <subfield code="9">info:eu-repo/semantics/openAccess</subfield>
    <subfield code="a">by</subfield>
    <subfield code="u">http://creativecommons.org/licenses/by/3.0/es/</subfield>
  </datafield>
  <datafield tag="590" ind1=" " ind2=" ">
    <subfield code="a">2.5</subfield>
    <subfield code="b">2023</subfield>
  </datafield>
  <datafield tag="591" ind1=" " ind2=" ">
    <subfield code="a">CHEMISTRY, ORGANIC</subfield>
    <subfield code="b">16 / 58 = 0.276</subfield>
    <subfield code="c">2023</subfield>
    <subfield code="d">Q2</subfield>
    <subfield code="e">T1</subfield>
  </datafield>
  <datafield tag="591" ind1=" " ind2=" ">
    <subfield code="a">CHEMISTRY, INORGANIC &amp; NUCLEAR</subfield>
    <subfield code="b">21 / 44 = 0.477</subfield>
    <subfield code="c">2023</subfield>
    <subfield code="d">Q2</subfield>
    <subfield code="e">T2</subfield>
  </datafield>
  <datafield tag="592" ind1=" " ind2=" ">
    <subfield code="a">0.654</subfield>
    <subfield code="b">2023</subfield>
  </datafield>
  <datafield tag="593" ind1=" " ind2=" ">
    <subfield code="a">Inorganic Chemistry</subfield>
    <subfield code="c">2023</subfield>
    <subfield code="d">Q1</subfield>
  </datafield>
  <datafield tag="593" ind1=" " ind2=" ">
    <subfield code="a">Physical and Theoretical Chemistry</subfield>
    <subfield code="c">2023</subfield>
    <subfield code="d">Q2</subfield>
  </datafield>
  <datafield tag="593" ind1=" " ind2=" ">
    <subfield code="a">Organic Chemistry</subfield>
    <subfield code="c">2023</subfield>
    <subfield code="d">Q2</subfield>
  </datafield>
  <datafield tag="594" ind1=" " ind2=" ">
    <subfield code="a">5.6</subfield>
    <subfield code="b">2023</subfield>
  </datafield>
  <datafield tag="655" ind1=" " ind2="4">
    <subfield code="a">info:eu-repo/semantics/article</subfield>
    <subfield code="v">info:eu-repo/semantics/publishedVersion</subfield>
  </datafield>
  <datafield tag="700" ind1=" " ind2=" ">
    <subfield code="a">Jiménez, M. Victoria</subfield>
    <subfield code="0">(orcid)0000-0002-0545-9107</subfield>
  </datafield>
  <datafield tag="700" ind1=" " ind2=" ">
    <subfield code="a">Passarelli, Vincenzo</subfield>
    <subfield code="0">(orcid)0000-0002-1735-6439</subfield>
  </datafield>
  <datafield tag="700" ind1=" " ind2=" ">
    <subfield code="a">Modrego, F. Javier</subfield>
    <subfield code="u">Universidad de Zaragoza</subfield>
    <subfield code="0">(orcid)0000-0002-9633-3285</subfield>
  </datafield>
  <datafield tag="700" ind1=" " ind2=" ">
    <subfield code="a">Pérez-Torrente, Jesús J.</subfield>
    <subfield code="u">Universidad de Zaragoza</subfield>
    <subfield code="0">(orcid)0000-0002-3327-0918</subfield>
  </datafield>
  <datafield tag="710" ind1="2" ind2=" ">
    <subfield code="1">2010</subfield>
    <subfield code="2">760</subfield>
    <subfield code="a">Universidad de Zaragoza</subfield>
    <subfield code="b">Dpto. Química Inorgánica</subfield>
    <subfield code="c">Área Química Inorgánica</subfield>
  </datafield>
  <datafield tag="773" ind1=" " ind2=" ">
    <subfield code="g">42, 22 (2023), 3292-3306</subfield>
    <subfield code="p">Organometallics</subfield>
    <subfield code="t">Organometallics</subfield>
    <subfield code="x">0276-7333</subfield>
  </datafield>
  <datafield tag="856" ind1="4" ind2=" ">
    <subfield code="s">3658361</subfield>
    <subfield code="u">http://zaguan.unizar.es/record/131711/files/texto_completo.pdf</subfield>
    <subfield code="y">Versión publicada</subfield>
  </datafield>
  <datafield tag="856" ind1="4" ind2=" ">
    <subfield code="s">2916290</subfield>
    <subfield code="u">http://zaguan.unizar.es/record/131711/files/texto_completo.jpg?subformat=icon</subfield>
    <subfield code="x">icon</subfield>
    <subfield code="y">Versión publicada</subfield>
  </datafield>
  <datafield tag="909" ind1="C" ind2="O">
    <subfield code="o">oai:zaguan.unizar.es:131711</subfield>
    <subfield code="p">articulos</subfield>
    <subfield code="p">driver</subfield>
  </datafield>
  <datafield tag="951" ind1=" " ind2=" ">
    <subfield code="a">2024-11-22-12:02:39</subfield>
  </datafield>
  <datafield tag="980" ind1=" " ind2=" ">
    <subfield code="a">ARTICLE</subfield>
  </datafield>
</record>
</collection>